| 000 | 01018nam a2200241 a 4500 | ||
|---|---|---|---|
| 001 | 63496 | ||
| 003 | BD-RjUL | ||
| 005 | 20211209081214.0 | ||
| 008 | 170130s2007 bg a|||| |||| 00| 0 ben d | ||
| 020 |
_a98430000099 _c: Tk\. 150.00 |
||
| 035 | _a(BD-RjUL)63625 | ||
| 040 |
_aBD-RjUL _bben _cBD-RjUL _dBD-RjUL |
||
| 041 | _aben | ||
| 082 |
_223 _a891.44109 _bJAF 2007 |
||
| 245 | 0 | 0 |
_aজাফর আহমেদ চৌধুরী : _bকবি ও কবিতা _cসম্পাদনা : রওশন আক্তার হায়দার |
| 250 | _a১ম বটমূল সং. | ||
| 260 |
_aঢাকা : _bসেলিম মাহমুদ, _c২০০৭ |
||
| 300 |
_a১৪৪ পৃ. : _bচিত্র ; _c২৩ সেমি. |
||
| 650 |
_aবাংলা কবিতা _xইতিহাস ও সমালোচনা _9185023 |
||
| 650 |
_aBengali Poetry _xHistory and Criticism _9186582 |
||
| 700 |
_aহায়দার, রওশন আক্তার _9188546 |
||
| 942 |
_2ddc _cBK |
||
| 999 |
_c63496 _d63496 |
||